| 000 | 00900nam a22002297a 4500 | ||
|---|---|---|---|
| 999 |
_c18314 _d18314 |
||
| 003 | AR-CdUCM | ||
| 008 | 190513b ||||| |||| 00| 0 spa d | ||
| 040 |
_aMUNICIPALIDAD PROVINCIAL DEL CUSCO _cBIBLIOTECA MUNICIPAL DEL CUSCO |
||
| 082 |
_a530 / _bG47 |
||
| 100 |
_aGintel, Jerzy _938831 |
||
| 245 | _aSegundo curso de Física básica / | ||
| 260 |
_aMéxico : _bLibros McGraw - Hill de México, _c1977. |
||
| 300 |
_a293 páginas ; _bfiguras, gráficos, ilustraciones, _c24 cm. |
||
| 440 |
_aLibros McGraw - Hill. _n2 _938832 |
||
| 505 | _aContenido: Corriente, resistencia, tensión -- Circuitos formados de elementos "ohmicos" -- El condensador -- Campo eléctrico -- El campo eléctrico y la materia ... | ||
| 650 |
_aMateria _9883 |
||
| 650 |
_aFísica _92382 |
||
| 650 |
_aMagnetismo _919341 |
||
| 700 |
_aRojo, Onofre (coautor) _938833 |
||
| 942 |
_2ddc _cLIBROS |
||
| 945 |
_aachl _d2019-05-13 |
||